Nazwy geograficzne gminy Lubycza Królewska

Titel: Nazwy geograficzne gminy Lubycza Królewska : słownik historyczno-onomastyczny / Mariusz Koper
Verfasser:
Veröffentlicht: Lubycza Królewska : Fotopia, 2014
Umfang: 219 S. : Ill.
Format: Buch
Sprache: Polnisch
Schlagworte:
ISBN: 9788393862733
Buchumschlag
X
Lokale Klassifikation: 37 8 L 174 ; 37 2 F
alg: 35697940
001A    $03004:18-03-15 
001B    $03025:20-07-23 $t11:55:26.000 
001C    $03004:05-05-15 $t13:48:54.000 
001D    $03004:05-05-15 
001U    $0utf8 
001X    $00 
002@    $0Aau 
003@    $0356979407 
004A    $A978-83-938627-3-3 
007A    $0356979407 $aHEB 
007G    $0DE020AFF9AE19F33BEAABC1257E5400363AE7 
009P    $qapplication/pdf $A2 $3Inhaltsverzeichnis $uhttp://scans.hebis.de/HEBCGI/show.pl?35697940_toc.pdf $mV:DE-603;B:DE-Mb50 
010@    $apol 
011@    $a2014 
021A    $a@Nazwy geograficzne gminy Lubycza Królewska $dsłownik historyczno-onomastyczny $hMariusz Koper 
028A    $71023073390 $8Koper, Mariusz$Z1974- [Tp3] $9302123911 
033A    $pLubycza Królewska $nFotopia 
034D    $a219 S. 
034M    $aIll. 
044K    $8Ziemia Lubycka [Tg1] $9509822398 
044K    $RGeografischer Name $#Toponymy $#Toponymie $#Historischer Ortsname $#Siedlungsname $#Toponym $#Toponymikon $#Ortsnamen $74043950-1 $8Ortsname [Ts1] $9085122882 
045F    $a307.094386 $eDDC23BSB 
045F/01 $a307.09 
045F/03 $g4386 

lok: 35697940 24
101B    $005-05-15 $t13:50:24.000 
101C    $005-05-15 
101U    $0utf8 
145Z/01 $a37 8 L 174 
145Z/02 $a37 2 F 

exp: 35697940 24 1 #EPN
201B/01 $005-05-15 $t13:50:24.000 
201C/01 $018-03-15 
201U/01 $0utf8 
203@/01 $0751979600 
208@/01 $a05-05-15 $bz 
209A/01 $a15.04037 $du $f050 $h15 04037 $x00 
209C/01 $a15.04037 K $h15 04037 K 
209G/01 $a73520649 $x00 
220C/01 $awal 
247C/01 $8358050-7 Marburg, Bibliothek des Herder-Instituts Marburg $9102600961 

lok: 35697940 78

exp: 35697940 78 1 #EPN
201B/01 $020-07-23 $t11:54:14.000 
201C/01 $020-07-23 
201U/01 $0utf8 
203@/01 $01239989644 
208@/01 $a20-07-23 $be 
209A/01 $a/ $f000 $x00 
209A/01 $ab*p $x01 
220C/01 $apgar 
244Z/01 $#Generalgouvernement Polen $#Polska $#Rzeczpospolita Polska $#Polska Rzeczpospolita Ludowa $#Poland $#Pologne $#République Polonaise $#Generalne Gubernatorstwo w Polsce $#Polish People's Republic $#Polska Rzeczpospolita Polen $#PRL $#RP $#Polen Generalgouvernement $#Polska Generalgouvernement $#Besetzte Polnische Gebiete $#Besetztes Gebiet in Polen $#Okupowane Polskie Obszary $#Obszary Okupowane w Polsce $#Volksrepublik Polen $#Polska Rosyjska $#Republic Polen $#Respublika Pol'ša $#Pol'skaja Narodnaja Respublika $#République de Pologne $#Polen Links der Weichsel $#Polska po Lewej Stronie Wisły $#Lenkija $#Polija $#Gubernija Carstva Pol'skago $#Republik Polen $74046496-9 $8--Tg1--Polen $x01 $9085129801 
244Z/01 $8--Tg1--Ziemia Lubycka $x02 $9509822398 
247C/01 $82080>Marburg/Lahn, Herder-Institut, Forschungsbibliothek, Bibliographieportal $9336309341
LEADER 00000cam a2200000 c 4500
001 356979407
003 DE-603
005 20230720115526.0
007 tu
008 150318s2014 xx |||| | u00||u|pol c
020 |a 9788393862733 
035 |a (DE-599)HEB356979407 
040 |a DE-603  |b ger  |c DE-603  |d DE-603 
041 |a pol 
082 0 4 |8 1\u  |a 307.094386  |q DE-101  |2 23/BSB 
085 |8 1\u  |b 307.09 
085 |8 1\u  |z 2  |s 4386 
100 1 |a Koper, Mariusz  |d 1974-  |0 (DE-603)302123911  |0 (DE-588)1023073390  |2 gnd 
245 0 0 |a Nazwy geograficzne gminy Lubycza Królewska  |b słownik historyczno-onomastyczny  |c Mariusz Koper 
264 1 |a Lubycza Królewska  |b Fotopia  |c 2014 
300 |a 219 S.  |b Ill. 
650 7 |a Ortsname  |0 (DE-588)4043950-1  |0 (DE-603)085122882  |2 gnd 
651 7 |a Ziemia Lubycka  |0 (DE-588)1296735605  |0 (DE-603)509822398  |2 gnd 
856 4 2 |m V:DE-603;B:DE-Mb50  |q application/pdf  |u http://scans.hebis.de/HEBCGI/show.pl?35697940_toc.pdf  |3 Inhaltsverzeichnis 
924 0 |9 Mb 50  |a (DE-603)751979600  |b DE-Mb50  |c HES  |d c  |g 15.04037 
924 0 |9 2080  |a (DE-603)1239989644  |b DE-2080  |c HES  |d d  |g /